000 03612nam0a2200529 4500
001 RU\NLR\BIBL_A\012321158
005 20220728181324.0
010 _a978-5-907215-22-1
_9250
021 _aRU
_bАЛ-П-20-00302и
_9АЛ-П-20-0057
035 _a(NLR Aleph) 012321158
035 _a(RuMoRGB)010334372
090 _a11422239
_c11422239
100 _a20200826d2019 u y0rusy50 ca
101 0 _arus
102 _aRU
105 _aac||b|||000zy
181 0 _ai
_baxxe
182 0 _an
200 1 _aСпасти и сохранить. Музейная реставрация 2009-2019
_eметодики и результаты
_eтемперная, масляная живопись и декоративно-прикладное искусство XVII - первой половины XX века из собрания Челябинского государственного музея изобразительных искусств
_eальбом-каталог [выставки
_fавтор вступительной статьи, составитель каталога и указателей: Ю.Л. Алфёрова
_gвступительное слово: С.О. Ткаченко]
203 _aТекст
_bвизуальный
_cнепосредственный
210 _aЧелябинск
_c[б. и.]
_d2019
215 _a127 с.
_cил., цв. ил., портр.
_d29
300 _aНа авантит. подзаг.: Из собрания Челябинского государственного музея изобразительных искусств
300 _aНа обл. подзаг.: Темперная, масляная живопись и декоративно-прикладное искусство
320 _aБиблиогр.: с. 123-124 и в подстроч. примеч.
517 1 _aМузейная реставрация 2009-2019
601 0 2 _aЧелябинский государственный музей изобразительных искусств
_jАльбомы
_xКоллекция изобразительного искусства
_92450587
_3RU\NLR\AUTH\6601674692
606 1 _aДекоративно-прикладное искусство
_jАльбомы
_z17 - 20 вв.
_92450595
_3RU\NLR\AUTH\6601674697
606 1 _aДекоративно-прикладное искусство
_jАльбомы
_xРеставрация
_92150330
_3RU\NLR\AUTH\661599771
606 1 _aЖивопись
_jАльбомы
_z17 - 20 вв.
_92510236
_3RU\NLR\AUTH\661488189
606 1 _aЖивопись
_jАльбомы
_xРеставрация
_91051693
_3RU\NLR\AUTH\66406614
686 1 _aЩ101.3(2Р=Рус)-2Челябинск2Государственный музей изобразительных искусств я61
686 1 _aЩ123(0)я61
686 1 _aЩ120.83я61
686 1 _aЩ143(0)я61
686 1 _aЩ140.83я61
702 1 _aАлфёрова
_bЮ. Л.
_4220
711 0 2 _aЧелябинский государственный музей изобразительных искусств
_9353279
_3RU\NLR\AUTH\8810234048
711 1 2 _a"Спасти и сохранить. Музейная реставрация 2009/2019: методики и результаты", выставка
_eЧелябинск
_f2019
_9712465
_3RU\NLR\AUTH\880525468
942 _cBOOK
980 _aNBR
980 _aNB